Of, by, and for the people : (Record no. 36161)
[ view plain ]
| 000 -LEADER | |
|---|---|
| fixed length control field | 01110Nam a2200313 i 4500 |
| 001 - CONTROL NUMBER | |
| control field | 36161 |
| 003 - CONTROL NUMBER IDENTIFIER | |
| rucl marc code | BD-RjUL |
| 005 - DATE AND TIME OF LATEST TRANSACTION | |
| control field | 20211209052437.0 |
| 008 - FIXED-LENGTH DATA ELEMENTS--GENERAL INFORMATION | |
| fixed length control field | 140617s1980 cou b 001 0 eng |
| 020 ## - INTERNATIONAL STANDARD BOOK NUMBER | |
| International Standard Book Number | 0891585915 |
| International Standard Book Number | 0891588965 (pbk.) |
| 035 ## - SYSTEM CONTROL NUMBER | |
| System control number | (BD-RjUL)36258 |
| 040 ## - CATALOGING SOURCE | |
| Original cataloging agency | DLC |
| Transcribing agency | DLC |
| Modifying agency | DLC |
| -- | BD-RjUL |
| Language of cataloging | eng |
| 041 ## - LANGUAGE CODE | |
| Language code of text/sound track or separate title | eng |
| 082 00 - DEWEY DECIMAL CLASSIFICATION NUMBER | |
| Classification number | 320.473 |
| Author mark and year | LEO 1980 |
| 100 1# - MAIN ENTRY--PERSONAL NAME | |
| Personal name | Levitt, Morris, |
| Dates associated with a name | 1938- |
| 9 (RLIN) | 110055 |
| 245 10 - TITLE STATEMENT | |
| Title | Of, by, and for the people : |
| Remainder of title | state and local government and politics / |
| Statement of responsibility, etc. | Morris J. Levitt and Eleanor G. Feldbaum. |
| 260 ## - PUBLICATION, DISTRIBUTION, ETC. (IMPRINT) | |
| Place of publication, distribution, etc. | Boulder, Colo. : |
| Name of publisher, distributor, etc. | Westview Press, |
| Date of publication, distribution, etc. | 1980. |
| 300 ## - PHYSICAL DESCRIPTION | |
| Pagination | xvii, 328 p. ; |
| Size | 24 cm. |
| 500 ## - GENERAL NOTE | |
| General note | Edition for 1973 published under title: State and local government and politics |
| 504 ## - BIBLIOGRAPHY, ETC. NOTE | |
| Bibliography, etc | Bibliography: p. 307-309.AND index. |
| 650 #0 - SUBJECT ADDED ENTRY--TOPICAL TERM | |
| Topical term or geographic name as entry element | State governments |
| Geographic subdivision | United States. |
| 9 (RLIN) | 16911 |
| Topical term or geographic name as entry element | Local government |
| Geographic subdivision | United States. |
| 9 (RLIN) | 110056 |
| Topical term or geographic name as entry element | Political participation |
| Geographic subdivision | United States. |
| 9 (RLIN) | 106034 |
| 700 1# - ADDED ENTRY--PERSONAL NAME | |
| Personal name | Feldbaum, Eleanor G., |
| Relator term | joint author. |
| 942 ## - ADDED ENTRY ELEMENTS (KOHA) | |
| Source of classification or shelving scheme | Dewey Decimal Classification |
| Koha item type | Books |
| Lost status | Source of classification or shelving scheme | Damaged status | Not for loan | Collection code | Permanent Location | Current Location | Shelving location | Date acquired | Source of acquisition | Total Checkouts | Full call number | Date last seen | Copy number | Koha item type |
|---|---|---|---|---|---|---|---|---|---|---|---|---|---|---|
| Dewey Decimal Classification | Not For Loan | Non-fiction | Central Library, University of Rajshahi | Central Library, University of Rajshahi | Reading Room | 31/10/1992 | Asia Foundation | 320.473 LEO 1980 | 17/06/2014 | C-1 | Books |